| 000 | 01019 a2200229 4500 | ||
|---|---|---|---|
| 999 |
_c10824 _d10824 |
||
| 020 | _a9780335237463 | ||
| 050 |
_aRC454 _b.BEN 2011 |
||
| 100 |
_aBennett, Paul _d1955- _eauthor |
||
| 245 |
_a Abnormal and Clinical Psychology : _ban Introductory Textbook / _cPaul Bennett |
||
| 250 | _aThird edition | ||
| 264 |
_aMaidenhead, Berkshire, England: _bMcGraw Hill, Open University Press, _c2011 |
||
| 300 | _a 1 online resource (ix, 533 pages) : illustrations | ||
| 336 |
_1text _brdacontent |
||
| 337 |
_1unmediated _brdamedia |
||
| 338 |
_1volume _brdacarrier |
||
| 504 | _alncludes index | ||
| 505 | _apt. 1. Background and methods pt. 2. Specific issues | ||
| 520 | _aAbnormal and Clinical Psychology aims to introduce and evaluate the conceptual models of mental health problems and their treatment, as well as to provide valuable analyses of various disorders, such as schizophrenia and paedophilia | ||
| 650 | _aClinical psychology | ||
| 650 |
_aPSYCHOLOGY _xMental Illness |
||
| 942 |
_2lcc _cBK _h454 _iBEN _kRC |
||